A Tale Of Two Cities (Record no. 351514)

000 -LEADER
fixed length control field 00455nam a22001817a 4500
003 - CONTROL NUMBER IDENTIFIER
control field OSt
005 - DATE AND TIME OF LATEST TRANSACTION
control field 20180116183048.0
008 - FIXED-LENGTH DATA ELEMENTS--GENERAL INFORMATION
fixed length control field 160725b xxu||||| |||| 00| 0 eng d
020 ## - INTERNATIONAL STANDARD BOOK NUMBER
International Standard Book Number 0
040 ## - CATALOGING SOURCE
Transcribing agency 0
082 ## - DEWEY DECIMAL CLASSIFICATION NUMBER
Classification number 823.8 DIC 1970
100 ## - MAIN ENTRY--PERSONAL NAME
Personal name Charles Dickens
245 ## - TITLE STATEMENT
Title A Tale Of Two Cities
Statement of responsibility, etc. Charles Dickens
260 ## - PUBLICATION, DISTRIBUTION, ETC.
Place of publication, distribution, etc. Rawalpindi
Name of publisher, distributor, etc. National Book Foundation
Date of publication, distribution, etc. 1970
300 ## - PHYSICAL DESCRIPTION
Extent 367 p.
Other physical details HB
440 ## - SERIES STATEMENT/ADDED ENTRY--TITLE
Title A Tale Of Two Cities
942 ## - ADDED ENTRY ELEMENTS (KOHA)
Source of classification or shelving scheme
Koha item type Book
Holdings
Withdrawn status Lost status Source of classification or shelving scheme Damaged status Not for loan Collection code Permanent Location Current Location Shelving location Date acquired Total Checkouts Total Renewals Full call number Barcode Date last seen Date last checked out Price effective from Koha item type
            Central Library (CL) Central Library (CL) Fiction 07/25/2016 8 7 823.8 DIC 1970 NBSD-2487 01/26/2026 12/29/2025 07/25/2016 Book
© 2023 Central Library, National University of Sciences and Technology. All Rights Reserved.